00279nam a2200121Ia 4500008004100000100001500041245001300056260004400069300000700113650001300120942000700133999001700140190216s9999||||xx |||||||||||||| ||und|| aMadavan Ns 0aHigwitta bCalicut University Central Co-Operative a94 aKathakal cBK c27114d27114